Λυμένες Ασκήσεις Θερμοδυναμικής / Μεθοδολογία - Θέματα Εξετάσεων - Τυπολόγιο - Διάγραμμα Mollier. (Record no. 3745)
[ view plain ]
| 000 -LEADER | |
|---|---|
| fixed length control field | 01321cam a22002174a 4500 |
| 005 - ΗΜΕΡΟΜΗΝΙΑ ΚΑΙ ΩΡΑ ΤΕΛΕΥΤΑΙΑΣ ΕΝΗΜΕΡΩΣΗΣ | |
| Πεδίο ελέγχου | 20250605164124.0 |
| 008 - FIXED-LENGTH DATA ELEMENTS--GENERAL INFORMATION | |
| Πεδίο ελέγχου σταθερού μήκους | 250528s ||||||||||||||||||||||||d |
| 035 ## - SYSTEM CONTROL NUMBER | |
| System control number | 18383 |
| 020 ## - ISBN | |
| ISBN | 9603304425 |
| 040 ## - ΠΗΓΗ ΚΑΤΑΛΟΓΟΓΡΑΦΗΣΗΣ | |
| Φορέας πρωτότυπης καταλογογράφησης | MC Athens Campus Library |
| Γλώσσα καταλογογράφησης | Ελληνικά, Μοντέρνα (1453-) |
| Modifying agency | MC Athens Campus Library |
| Κανόνες περιγραφικής καταλογογράφησης | AACR2 |
| 245 1# - ΤΙΤΛΟΣ ΚΑΙ ΔΗΛΩΣΗ ΥΠΕΥΘΥΝΟΤΗΤΑΣ | |
| Τίτλος | Λυμένες Ασκήσεις Θερμοδυναμικής / Μεθοδολογία - Θέματα Εξετάσεων - Τυπολόγιο - Διάγραμμα Mollier. |
| Number of part/section of a work | Τόμος Πρώτος |
| 250 ## - EDITION STATEMENT | |
| Edition statement | 2η |
| 300 ## - PHYSICAL DESCRIPTION | |
| Extent | 208 |
| 520 ## - SUMMARY, ETC. | |
| Summary, etc. | Θεμελιώδεις Έννοιες, Τέλειο Αέριο - Πρώτο Θερμοδυναμικό Αξίωμα, Ενεργειακές Μεταβολές - Εσωτερική Ενέργεια - Ενθάλπια, Δεύτερο Θερμοδυναμικό Αξίωμα - Εντρόπια - Κύκλοι - Κύκλος Carnot, Καταστατικές Εξισώσεις - Θερμοδυναμικές Σχέσεις, Γενικές Ασκήσεις και Θέματα Εξετάσεων, Παράρτημα - Τυπολόγιο και Πίνακες Μετατροπής Μονάδων. |
| 700 1# - ΠΡΟΣΘΕΤΗ ΑΝΑΓΡΑΦΗ--ΦΥΣΙΚΟ ΠΡΟΣΩΠΟ | |
| Personal name | Γρηγ. Φούντας |
| 9 (RLIN) | 2617 |
| 700 1# - ΠΡΟΣΘΕΤΗ ΑΝΑΓΡΑΦΗ--ΦΥΣΙΚΟ ΠΡΟΣΩΠΟ | |
| Personal name | Μακαρούνης Γιώργος |
| 9 (RLIN) | 4655 |
| 700 1# - ΠΡΟΣΘΕΤΗ ΑΝΑΓΡΑΦΗ--ΦΥΣΙΚΟ ΠΡΟΣΩΠΟ | |
| Personal name | Φούντας Γρηγόρης |
| 9 (RLIN) | 4656 |
| 942 ## - ADDED ENTRY ELEMENTS (KOHA) | |
| Koha item type | Books |
| Τύπος τεκμηρίου | Βιβλιοθήκη | Τρέχουσα τοποθεσία | Barcode | Αριθμός εισαγωγής | Ημερομηνία απόκτησης | Ταξιθετικό σύμβολο | Αριθμός αντιτύπου | Κατάσταση απόσυρσης | Κατάσταση χαμένου | Κατάσταση κατεστραμμένου | Μη δανεισμός | Σύνολο δανεισμών | Ημερομηνία τελευταίας εμφάνισης | Η τιμή ισχύει από |
|---|---|---|---|---|---|---|---|---|---|---|---|---|---|---|
| Books | MC Athens Campus Library | MC Athens Campus Library | 9780000037442 | 3043 | 05/06/2025 | 536.7076 MAK V.1 | 1 | 05/06/2025 | 05/06/2025 |